1 Billion streams club : Ed Sheeran - Statistics

General Stats
  • This quiz has been taken 9 times
  • The average score is 12 of 14
Answer Stats
Album Song Streams % Correct
÷ Perfect 3.9B
100%
× Photograph 3.4B
100%
÷ Shape of You 4.9B
100%
= Bad Habits 2.1B
89%
Familia(ft. Camila Cabello) Bam Bam 1.1B
89%
No.6 Collaborations Project(ft. Khalid) Beautiful People 1.5B
89%
÷ Castle on the Hill 1.6B
89%
÷ Galway Girl 1.6B
89%
No.6 Collaborations Project(ft. Justin Bieber) I Don't Care 2.1B
89%
= Shivers 2.0B
78%
× Thinking out Loud 3.1B
78%
÷ Happier 1.4B
67%
+ The A Team 1.1B
67%
× (deluxe edition) I See Fire 1.0B
44%
No matching quizzes found
Score Distribution
Percent of People with Each Score
Percentile by Number Answered
Your Score History
You have not taken this quiz